000 00510nab a2200145Ia 4500
003 ES-SlBCS
005 20210601144526.0
008 140529s1988 xxu||||| |||| 00| 0 spa d
041 _aspa
100 1 _aDuplá, Francisco Javier
_977049
245 0 0 _aLa educación para la ciudadanía en los países latinoamericanos
_c Francisco Javier Duplá
650 0 4 _aEducación-Latinoamérica
_9301683
773 0 _tRevista de Educacion
_gvol. Nº extraordinario 2003, nº. 1, 1988, págs. 321-228
_wRev360
942 _cAR
999 _c709997
_d709997